000 nam a22 a 4500
999 _c137289
_d137289
003 BLK
005 20201013135527.0
008 180409b bul|||||r ||||||| ||bul||
010 _aKNG00143256000
040 _aBLK
041 _aBUL
_cBUL
072 7 _2bullib
_aЦ
_xРедки и ценни
080 _aРазвитие на психиката и способностите. Сравнителна психология
_b159.92
_z159.92
080 _aЕмпирични науки
_b168.52
_z168.52
100 1 _aХефдинг, Харалд
_eпърви автор
_9325775
139 _aХефдинг, Харалд
_bХ 46
245 1 0 _aОчерки по емпирическата психология
_cХаралд Хефдинг; прев. от нем. Ст. Белев.
257 _aDAN
260 _bСтудентско филос. д-во при Висшето у-ще
_c1896
_fСофия : Напредък
_aСофия
300 _a376, IV с.
_c23 см
380 _a1
490 _9435080
_aКолекция Редки и ценни издания
650 4 _aПсихология - философски проблеми
_9255619
650 4 _aЕмпиризъм
_9154909
650 4 _aПсихология - методика
_9324402
653 _aпсихология на личността
653 _aдуша
653 _aтяло
653 _aпознание
653 _aчувства
653 _aволя
659 _aЦ
700 1 _aБелев, Ст.
_eпрев. от нем.
_9379025
852 _aРб 896
_bРц
856 4 _qpdf
856 4 _qpdf
942 _cKNG
_n0
_s1
944 _aCR
_c29.05.2013
_l29.05.2013 - от С1,Р / 29.05.2013
_kНаталия_Медовщикова
944 _aED
_c29.05.2013
_l29.05.2013 - от С1,Р / 29.05.2013
999 _d137289